[Event "SVK-chT1E 1314"]
[Site "Slovakia"]
[Date "2014.02.02"]
[Round "7.7"]
[White "Ondo, Radoslav"]
[Black "Jendrichovsky, Peter"]
[Result "0-1"]
[WhiteElo "2098"]
[BlackElo "2168"]
[PlyCount "92"]
[EventDate "2013.10.12"]
[EventType "team-tourn"]
[EventRounds "11"]
[EventCountry "SVK"]
[SourceTitle "EXT 2015"]
[Source "ChessBase"]
[SourceDate "2014.11.20"]
[SourceVersion "1"]
[SourceVersionDate "2014.11.20"]
[SourceQuality "1"]
[WhiteTeam "Michalovce Zemplin"]
[BlackTeam "Sabinov"]
[WhiteTeamCountry "SVK"]
[BlackTeamCountry "SVK"]

1. e4 d5 2. e5 c5 3. f4 Nc6 4. c3 Nh6 5. Nf3 Bg4 6. h3 Bxf3 7. Qxf3 e6 8. Bd3 Qb6 9. Bc2 Be7 10. b3 g6 11. g3 0-0-0 12. Na3 f6 13. exf6 Bxf6 14. Bb2 e5 15. 0-0-0 e4 16. Qg2 Nf5 17. c4 Nb4 18. cxd5 Nd4 19. Kb1 Ndxc2 20. Nxc2 Bxb2 21. Nxb4 Qxb4 22. Kxb2 Qd4+ 23. Kb1 Qd3+ 24. Kb2 Rxd5 25. Rhe1 Rhd8 26. Qxe4 Qxg3 27. Re3 Qh2 28. Qe6+ Kb8 29. Re2 Qxf4 30. d3 a5 31. Kc2 a4 32. Re4 axb3+ 33. axb3 Qd6 34. Qxd6+ R8xd6 35. Re3 b5 36. Rde1 Kc7 37. Ra1 h5 38. Rg1 Rf5 39. Reg3 Rf2+ 40. Kc1 Ra6 41. Kb1 Ra3 42. d4 cxd4 43. Rd1 h4 44. Rxg6 Rxb3+ 45. Kc1 d3 46. Rdg1 Rc2+ 0-1

[Event "SVK-chT1E 1011"]
[Site "Slovakia"]
[Date "2011.03.20"]
[Round "9"]
[White "Jendrichovsky, Peter"]
[Black "Sorkovsky, Miroslav"]
[Result "1/2-1/2"]
[WhiteElo "2194"]
[BlackElo "2191"]
[PlyCount "102"]
[EventDate "2010.11.06"]
[EventType "team-tourn"]
[EventRounds "11"]
[EventCountry "SVK"]
[SourceTitle "EXT 2012"]
[Source "ChessBase"]
[SourceDate "2011.11.24"]
[SourceVersion "1"]
[SourceVersionDate "2011.11.24"]
[SourceQuality "1"]
[WhiteTeam "Sabinov"]
[BlackTeam "Banska Bystrica"]
[WhiteTeamCountry "SVK"]
[BlackTeamCountry "SVK"]

1. c4 Nf6 2. Nc3 d5 3. cxd5 Nxd5 4. g3 g6 5. Bg2 Nb6 6. Nf3 Bg7 7. h4 h5 8. d3 Nc6 9. Bg5 Bg4 10. Qd2 0-0 11. Rc1 Nd5 12. Ne5 Bxe5 13. Nxd5 Re8 14. Ne3 Be6 15. Be4 Qd7 16. Nc4 Bg7 17. 0-0 Bd5 18. Bxd5 Qxd5 19. b3 Rac8 20. Rb1 Nd4 21. Rfc1 b6 22. a4 Qe6 23. Be3 Nf5 24. b4 c5 25. a5 Nd6 26. axb6 Nxc4 27. Rxc4 axb6 28. b5 Rb8 29. Ra4 Ra8 30. Qc2 Qd5 31. Ra6 Qb7 32. Qa4 Reb8 33. Rb3 Be5 34. Ra3 Rxa6 35. bxa6 Qc7 36. Kg2 b5 37. Qe4 b4 38. Ra4 f5 39. Qd5+ e6 40. Qxe6+ Kh7 41. Qd5 Rd8 42. Qxc5 Qxc5 43. Bxc5 b3 44. Rb4 Rb8 45. a7 Rxb4 46. Bxb4 b2 47. a8Q b1Q 48. Qa7+ Kh8 49. Qa8+ Kh7 50. Qb7+ Bg7 51. Qe7 Qb3 1/2-1/2

[Event "SVK-chT1E 1011"]
[Site "Slovakia"]
[Date "2011.02.13"]
[Round "7.2"]
[White "Jendrichovsky, Peter"]
[Black "Presalovic, Marcel"]
[Result "1-0"]
[WhiteElo "2194"]
[BlackElo "2154"]
[PlyCount "75"]
[EventDate "2010.11.06"]
[EventType "team-tourn"]
[EventRounds "11"]
[EventCountry "SVK"]
[SourceTitle "EXT 2012"]
[Source "ChessBase"]
[SourceDate "2011.11.24"]
[SourceVersion "1"]
[SourceVersionDate "2011.11.24"]
[SourceQuality "1"]
[WhiteTeam "Sabinov"]
[BlackTeam "Kosice Slavia"]
[WhiteTeamCountry "SVK"]
[BlackTeamCountry "SVK"]

1. c4 f5 2. Nc3 Nf6 3. Nf3 g6 4. g3 Bg7 5. Bg2 0-0 6. 0-0 c5 7. d4 cxd4 8. Nxd4 Nc6 9. Nxc6 dxc6 10. Qb3 e5 11. Be3 Qe7 12. Na4 Nd7 13. Rad1 f4 14. Bd2 Re8 15. Bb4 Qf7 16. Bd6 Nb6 17. Nxb6 axb6 18. Rd2 Be6 19. Qxb6 Rxa2 20. c5 Bh6 21. gxf4 exf4 22. Bf3 Rea8 23. Be5 Bg7 24. Rd8+ Rxd8 25. Qxd8+ Qf8 26. Qd4 Bxe5 27. Qxe5 Qf7 28. Rd1 Ra8 29. b4 Re8 30. Qg5 Bh3 31. Qh4 Qf5 32. b5 Qc2 33. Ra1 Qc3 34. Rd1 Be6 35. bxc6 bxc6 36. Bxc6 Rf8 37. Qe7 Bh3 38. Bd5+ 1-0

[Event "SVK-chT1E 1011"]
[Site "Slovakia"]
[Date "2010.12.12"]
[Round "4.2"]
[White "Jendrichovsky, Peter"]
[Black "Vyparina, Matej"]
[Result "0-1"]
[WhiteElo "2194"]
[BlackElo "2198"]
[PlyCount "74"]
[EventDate "2010.11.06"]
[EventType "team-tourn"]
[EventRounds "11"]
[EventCountry "SVK"]
[SourceTitle "EXT 2012"]
[Source "ChessBase"]
[SourceDate "2011.11.24"]
[SourceVersion "1"]
[SourceVersionDate "2011.11.24"]
[SourceQuality "1"]
[WhiteTeam "Sabinov"]
[BlackTeam "Zilina"]
[WhiteTeamCountry "SVK"]
[BlackTeamCountry "SVK"]

1. c4 Nf6 2. Nf3 g6 3. Nc3 Bg7 4. e4 0-0 5. d4 d6 6. Be2 c5 7. 0-0 Nc6 8. d5 Na5 9. a3 Ng4 10. Nd2 h5 11. Qc2 b6 12. b3 a6 13. Bb2 Rb8 14. Rae1 Bd7 15. a4 e6 16. h3 Nh6 17. Bd3 e5 18. f4 exf4 19. Rxf4 Bxh3 20. Ne2 Qg5 21. g3 Bg4 22. Kg2 Be5 23. Bxe5 dxe5 24. Rf2 Bxe2 25. Bxe2 h4 26. Rf3 Ng4 27. Qc3 Kg7 28. gxh4 Qxh4 29. Rh1 Qe7 30. Rfh3 Nf6 31. Nf3 Rbe8 32. Qe3 Rh8 33. Nh4 Reg8 34. Nf5+ gxf5 35. Rxh8 f4 36. Qh3 Kf8+ 37. Qg4 Nxg4 0-1

[Event "Brezova op"]
[Site "Brezova pod Bradlom"]
[Date "2009.08.25"]
[Round "5"]
[White "Mazur, Stefan"]
[Black "Jendrichovsky, Peter"]
[Result "1-0"]
[WhiteElo "2362"]
[BlackElo "2147"]
[PlyCount "61"]
[EventDate "2009.08.22"]
[EventType "swiss"]
[EventRounds "9"]
[EventCountry "SVK"]
[SourceTitle "CBM 132 Extra"]
[Source "ChessBase"]
[SourceDate "2009.11.03"]
[SourceVersion "1"]
[SourceVersionDate "2009.11.03"]
[SourceQuality "1"]

1. e4 c5 2. Nf3 Nc6 3. d4 cxd4 4. Nxd4 Nf6 5. Nc3 e5 6. Ndb5 d6 7. Bg5 a6 8. Na3 b5 9. Nd5 Be7 10. Bxf6 Bxf6 11. c3 0-0 12. Nc2 Bg5 13. a4 bxa4 14. Rxa4 a5 15. h4 Bh6 16. b3 Rb8 17. Bc4 Kh8 18. Nce3 Bxe3 19. Nxe3 f5 20. exf5 Bxf5 21. Qd5 Qb6 22. Qxd6 Rbd8 23. Qa3 Be4 24. Bd5 Rf4 25. 0-0 Nd4 26. cxd4 exd4 27. Bxe4 dxe3 28. Bf3 exf2+ 29. Rxf2 Rd1+ 30. Kh2 Rxf3 31. Qf8+ 1-0

[Event "Nove Zamky op"]
[Site "Nove Zamky"]
[Date "2009.08.15"]
[Round "6"]
[White "Macka, Oto"]
[Black "Jendrichovsky, Peter"]
[Result "1/2-1/2"]
[WhiteElo "2035"]
[BlackElo "2147"]
[PlyCount "36"]
[EventDate "2009.08.12"]
[EventType "swiss"]
[EventRounds "7"]
[EventCountry "SVK"]
[SourceTitle "CBM 132 Extra"]
[Source "ChessBase"]
[SourceDate "2009.11.03"]
[SourceVersion "1"]
[SourceVersionDate "2009.11.03"]
[SourceQuality "1"]

1. e4 c5 2. Nf3 Nc6 3. d4 cxd4 4. Nxd4 Nf6 5. Nc3 e5 6. Ndb5 d6 7. Bg5 a6 8. Na3 b5 9. Bxf6 gxf6 10. Nd5 f5 11. Bxb5 axb5 12. Nxb5 Ra4 13. Nbc7+ Kd7 14. 0-0 Qh4 15. c4 Rg8 16. Qxa4 Rxg2+ 17. Kxg2 Qg4+ 18. Kh1 Qf3+ 1/2-1/2

[Event "SVK-chT1E 0809"]
[Site "Slovakia"]
[Date "2008.10.19"]
[Round "2.4"]
[White "Jendrichovsky, Peter"]
[Black "Andras, Tomas"]
[Result "1-0"]
[WhiteElo "2097"]
[BlackElo "1923"]
[PlyCount "113"]
[EventDate "2008.10.18"]
[EventType "team-tourn"]
[EventRounds "11"]
[EventCountry "SVK"]
[SourceTitle "EXT 2010"]
[Source "ChessBase"]
[SourceDate "2010.11.25"]
[SourceVersion "1"]
[SourceVersionDate "2010.11.25"]
[SourceQuality "1"]
[WhiteTeam "Sabinov"]
[BlackTeam "Liptov Chess School"]
[WhiteTeamCountry "SVK"]
[BlackTeamCountry "SVK"]

1. c4 e5 2. Nc3 Nf6 3. g3 d5 4. cxd5 Nxd5 5. Bg2 Be6 6. Nf3 Nc6 7. 0-0 Be7 8. d4 exd4 9. Nxd4 Nxd4 10. Qxd4 Bf6 11. Qa4+ Bd7 12. Qe4+ Ne7 13. Rd1 c6 14. Qb4 Qc8 15. Ne4 Be5 16. Nd6+ Bxd6 17. Qxd6 Be6 18. e4 Qd8 19. Be3 Qxd6 20. Rxd6 0-0 21. Bc5 Rfe8 22. a3 b6 23. Be3 Rad8 24. Rad1 Rc8 25. f4 g6 26. Bd4 h5 27. Bf6 Kh7 28. R1d2 c5 29. Kf2 Ng8 30. Bc3 Ne7 31. Bf1 c4 32. Bg2 Kg8 33. a4 Kh7 34. a5 b5 35. e5 Rc7 36. Rd8 Rxd8 37. Rxd8 Nc6 38. Rd6 Nb8 39. Ke3 Nd7 40. Bc6 Nc5 41. Bxb5 Rb7 42. Bc6 Rb3 43. Rd2 Nd3 44. Ba4 Rb8 45. Bc2 Nb4 46. Be4 Rb5 47. Rd6 Na2 48. Ra6 Rb3 49. Kd2 Nxc3 50. bxc3 Rb2+ 51. Ke3 Rxh2 52. Rxa7 Rh3 53. a6 Rxg3+ 54. Kd4 Rg1 55. Rb7 Ra1 56. a7 h4 57. Rc7 1-0

[Event "SVK-chT1E 0809"]
[Site "Slovakia"]
[Date "2008.10.18"]
[Round "1.3"]
[White "Krajnak, Jan"]
[Black "Jendrichovsky, Peter"]
[Result "1-0"]
[WhiteElo "2087"]
[BlackElo "2097"]
[PlyCount "67"]
[EventDate "2008.10.18"]
[EventType "team-tourn"]
[EventRounds "11"]
[EventCountry "SVK"]
[SourceTitle "EXT 2010"]
[Source "ChessBase"]
[SourceDate "2010.11.25"]
[SourceVersion "1"]
[SourceVersionDate "2010.11.25"]
[SourceQuality "1"]
[WhiteTeam "Svit SO"]
[BlackTeam "Sabinov"]
[WhiteTeamCountry "SVK"]
[BlackTeamCountry "SVK"]

1. e4 d5 2. exd5 Qxd5 3. Nc3 Qa5 4. d4 c6 5. Nf3 Nf6 6. Bd3 Bg4 7. h3 Bh5 8. 0-0 e6 9. Bf4 Nbd7 10. Re1 Be7 11. a3 0-0 12. g4 Bg6 13. Bxg6 hxg6 14. b4 Qd8 15. Qd3 Nb6 16. Ne2 a5 17. bxa5 Rxa5 18. Bd2 Ra4 19. Reb1 Nfd7 20. Qb3 Qa8 21. Bc1 Qa6 22. Nc3 Ra5 23. Ne5 Nxe5 24. dxe5 Nd5 25. Nxd5 Rxd5 26. Bf4 b5 27. a4 b4 28. Rd1 Rfd8 29. Rxd5 Rxd5 30. Kg2 c5 31. a5 g5 32. Bg3 c4 33. Qa4 Kf8 34. Kh2 1-0

[Event "SVK-chT1E 0708"]
[Site "Slovakia"]
[Date "2007.12.08"]
[Round "5.4"]
[White "Jendrichovsky, Peter"]
[Black "Grilli, Peter"]
[Result "1-0"]
[WhiteElo "2044"]
[BlackElo "1655"]
[PlyCount "69"]
[EventDate "2007.10.13"]
[EventType "team-swiss"]
[EventRounds "11"]
[EventCountry "SVK"]
[SourceTitle "EXT 2009"]
[Source "ChessBase"]
[SourceDate "2008.11.26"]
[SourceVersion "1"]
[SourceVersionDate "2008.11.26"]
[SourceQuality "1"]
[WhiteTeam "Sabinov"]
[BlackTeam "Presov Tatran"]
[WhiteTeamCountry "SVK"]
[BlackTeamCountry "SVK"]

1. c4 e6 2. Nf3 Nf6 3. g3 Be7 4. Bg2 d5 5. 0-0 0-0 6. b3 Nbd7 7. Bb2 a6 8. Nc3 dxc4 9. bxc4 Rb8 10. Rb1 b6 11. d4 Bb7 12. Qa4 Bd6 13. Qc2 b5 14. c5 Be7 15. a3 Nd5 16. e4 Nxc3 17. Bxc3 Nf6 18. Ne5 Nd7 19. Nd3 Nf6 20. Rfe1 c6 21. f4 Qc7 22. d5 exd5 23. Be5 Qa5 24. Bxb8 Rxb8 25. exd5 Bf8 26. dxc6 Bc8 27. Re5 Ng4 28. Re8 Nf6 29. Ree1 Bf5 30. Qb3 Bxd3 31. Qxd3 Bxc5+ 32. Kh1 Rd8 33. Qf5 Bxa3 34. Rbd1 Rd5 35. Bxd5 1-0

[Event "SVK-ch op-A"]
[Site "Banska Stiavnica"]
[Date "2007.07.13"]
[Round "7.46"]
[White "Krutina, Ivan"]
[Black "Jendrichovsky, Peter"]
[Result "1-0"]
[WhiteElo "2119"]
[BlackElo "2038"]
[PlyCount "78"]
[EventDate "2007.07.07"]
[EventType "swiss"]
[EventRounds "9"]
[EventCountry "SVK"]
[SourceTitle "EXT 2010"]
[Source "ChessBase"]
[SourceDate "2010.11.25"]
[SourceVersion "1"]
[SourceVersionDate "2010.11.25"]
[SourceQuality "1"]

1. e4 c5 2. Nf3 Nc6 3. d4 cxd4 4. Nxd4 Nf6 5. Nc3 e5 6. Ndb5 d6 7. Bg5 a6 8. Bxf6 gxf6 9. Na3 b5 10. Nd5 f5 11. exf5 Bxf5 12. c3 Bg7 13. Nc2 0-0 14. Nce3 Be6 15. g4 Ne7 16. Bg2 Nxd5 17. Bxd5 Rc8 18. h4 Rc5 19. Be4 d5 20. Bc2 e4 21. Nf5 Be5 22. f4 Bxf4 23. Qd4 Bxf5 24. gxf5 Bg3+ 25. Ke2 Qd6 26. Rag1 Rc4 27. Rxg3+ Qxg3 28. Rg1 Qxg1 29. Qxg1+ Kh8 30. Bb3 Rg8 31. Qf2 e3 32. Qh2 Re4 33. Bxd5 Rd8 34. f6 Rg4 35. Qe5 b4 36. Bxf7 bxc3 37. bxc3 Rg1 38. Bd5 h6 39. f7+ Rg7 1-0

[Event "SVK-ch op-A"]
[Site "Banska Stiavnica"]
[Date "2007.07.07"]
[Round "1.28"]
[White "Kukel, Imre1"]
[Black "Jendrichovsky, Peter"]
[Result "1-0"]
[WhiteElo "2296"]
[BlackElo "2038"]
[PlyCount "73"]
[EventDate "2007.07.07"]
[EventType "swiss"]
[EventRounds "9"]
[EventCountry "SVK"]
[SourceTitle "EXT 2010"]
[Source "ChessBase"]
[SourceDate "2010.11.25"]
[SourceVersion "1"]
[SourceVersionDate "2010.11.25"]
[SourceQuality "1"]

1. e4 d5 2. exd5 Qxd5 3. Nc3 Qa5 4. Nf3 Nf6 5. d4 c6 6. Ne5 Nbd7 7. Nc4 Qc7 8. Qf3 Nb6 9. Ne5 e6 10. Qg3 Nbd5 11. Bd3 Bd7 12. 0-0 Nb4 13. Rd1 Nxd3 14. Rxd3 Nd5 15. Nxd5 cxd5 16. Rc3 Qd8 17. Qf3 Qf6 18. Nxd7 Kxd7 19. Bf4 Bd6 20. Bxd6 Kxd6 21. Qg3+ e5 22. Re1 Rhe8 23. Rf3 Qg6 24. dxe5+ Ke7 25. e6 Qxg3 26. Rxf7+ Kd6 27. hxg3 Re7 28. Rxe7 Kxe7 29. f4 g6 30. Kf2 Kd6 31. g4 Re8 32. f5 gxf5 33. gxf5 Ke7 34. Kf3 Kf6 35. g4 h6 36. e7 h5 37. Re6+ 1-0

[Event "SVK-ch U16"]
[Site "Liptovsky Mikulas"]
[Date "2007.04.27"]
[Round "9"]
[White "Kolesar, Rastislav"]
[Black "Jendrichovsky, Peter"]
[Result "1/2-1/2"]
[WhiteElo "1908"]
[BlackElo "2115"]
[PlyCount "107"]
[EventDate "2007.04.22"]
[EventType "swiss"]
[EventRounds "9"]
[EventCountry "SVK"]
[SourceTitle "EXT 2008"]
[Source "ChessBase"]
[SourceDate "2007.11.25"]
[SourceVersion "1"]
[SourceVersionDate "2007.11.25"]
[SourceQuality "1"]

1. e4 d5 2. exd5 Qxd5 3. Nc3 Qd6 4. Nf3 Nf6 5. d4 a6 6. g3 b5 7. Bg2 Bb7 8. 0-0 e6 9. Ne5 Qb6 10. Bxb7 Qxb7 11. Qf3 Qxf3 12. Nxf3 Nbd7 13. Ne5 Nxe5 14. dxe5 Nd7 15. f4 Bc5+ 16. Kg2 Ke7 17. Ne4 Bb6 18. Kf3 Rhc8 19. Be3 c5 20. Rfd1 Rc6 21. Rd2 Ba5 22. c3 Rac8 23. Rd6 f5 24. exf6+ gxf6 25. Rad1 Rxd6 26. Nxd6 Rc6 27. Ne4 c4 28. Bd4 f5 29. Nf2 Rd6 30. Ke2 Rd5 31. Nh3 Bc7 32. Ng5 h6 33. Nf3 Bd6 34. Bg7 Rxd1 35. Kxd1 h5 36. Bd4 Nc5 37. Ne5 Ne4 38. Ke2 Bxe5 39. Bxe5 Kd7 40. Bd4 Kc6 41. Ke3 Kd5 42. a3 a5 43. Bb6 a4 44. Bd4 Nd6 45. Be5 Nb7 46. Bd4 Na5 47. Kf3 Nb3 48. Be3 Na1 49. Bd4 Nb3 50. Be3 Kc6 51. Kg2 Kd6 52. Kh3 Kd5 53. Kh4 Ke4 54. Kxh5 1/2-1/2

[Event "SVK-chT2D 0607"]
[Site "Slovakia"]
[Date "2006.12.16"]
[Round "5.5"]
[White "Adzima, Miroslav"]
[Black "Jendrichovsky, Peter"]
[Result "1-0"]
[WhiteElo "2042"]
[BlackElo "2045"]
[PlyCount "41"]
[EventDate "2006.10.14"]
[EventType "team-tourn"]
[EventRounds "11"]
[EventCountry "SVK"]
[SourceTitle "EXT 2008"]
[Source "ChessBase"]
[SourceDate "2007.11.25"]
[SourceVersion "1"]
[SourceVersionDate "2007.11.25"]
[SourceQuality "1"]
[WhiteTeam "Presov PSK"]
[BlackTeam "Sabinov"]
[WhiteTeamCountry "SVK"]
[BlackTeamCountry "SVK"]

1. e4 d5 2. exd5 Nf6 3. c4 e6 4. Nc3 exd5 5. d4 c6 6. Nf3 Be7 7. cxd5 Nxd5 8. Bd3 0-0 9. 0-0 h6 10. Re1 Be6 11. Bd2 Nd7 12. Qc1 N7f6 13. Bxh6 gxh6 14. Qxh6 Bd6 15. Re5 Bxe5 16. dxe5 Re8 17. Nxd5 Nxd5 18. Bh7+ Kh8 19. Rd1 Qb6 20. Rd4 Qc5 21. Bf5+ 1-0

[Event "SVK-chT2D 0506"]
[Site "Slovakia"]
[Date "2006.02.11"]
[Round "8.8"]
[White "Jendrichovsky, Peter"]
[Black "Fecko, Juraj"]
[Result "1/2-1/2"]
[WhiteElo "1896"]
[BlackElo "1852"]
[PlyCount "102"]
[EventDate "2005.10.22"]
[EventType "tourn"]
[EventRounds "11"]
[EventCountry "SVK"]
[SourceTitle "EXT 2009"]
[Source "ChessBase"]
[SourceDate "2008.11.26"]
[SourceVersion "1"]
[SourceVersionDate "2008.11.26"]
[SourceQuality "1"]

1. e4 c5 2. Nc3 e6 3. g3 Nc6 4. Bg2 Nf6 5. d3 Be7 6. f4 d6 7. Nf3 0-0 8. 0-0 a6 9. h3 Qc7 10. g4 b5 11. Ne2 Rb8 12. Ng3 Rd8 13. Be3 a5 14. g5 Ne8 15. h4 d5 16. e5 d4 17. Bf2 Bf8 18. h5 Ne7 19. Nh4 Nd5 20. Qg4 Ne3 21. Bxe3 dxe3 22. g6 fxg6 23. Be4 gxh5 24. Nxh5 Qf7 25. f5 exf5 26. Bxf5 Bxf5 27. Rxf5 Rd4 28. Qf3 Qe7 29. Rf1 Nc7 30. Ng2 Ne6 31. Qxe3 Qe8 32. Qg3 Qg6 33. Qf3 Rg4 34. Nf6+ gxf6 35. Rxf6 Rxg2+ 36. Qxg2 Qxg2+ 37. Kxg2 Re8 38. c3 Bg7 39. R6f5 b4 40. Kf3 bxc3 41. bxc3 h6 42. Ke4 Rd8 43. Rd1 Ng5+ 44. Ke3 Kh7 45. d4 Kg6 46. Rff1 Rd5 47. c4 cxd4+ 48. Rxd4 Rxe5+ 49. Kd3 Re6 50. Rd5 Nf7 51. c5 Ne5+ 1/2-1/2

[Event "SVK-chT1E 0506"]
[Site "Slovakia"]
[Date "2005.12.04"]
[Round "6"]
[White "Kopnicky, Frantisek"]
[Black "Jendrichovsky, Peter"]
[Result "1/2-1/2"]
[WhiteElo "2045"]
[BlackElo "1896"]
[PlyCount "126"]
[EventDate "2005.10.15"]
[EventType "team-tourn"]
[EventRounds "11"]
[EventCountry "SVK"]
[SourceTitle "EXT 2009"]
[Source "ChessBase"]
[SourceDate "2008.11.26"]
[SourceVersion "1"]
[SourceVersionDate "2008.11.26"]
[SourceQuality "1"]

1. e4 d5 2. exd5 Qxd5 3. Nc3 Qa5 4. d4 c6 5. Bd3 Nf6 6. Bd2 Qc7 7. Nge2 Bg4 8. f3 Bh5 9. Ne4 Nxe4 10. Bxe4 e6 11. Bf4 Bd6 12. Qd2 Nd7 13. c3 Nf6 14. Bxd6 Qxd6 15. Qg5 Bg6 16. Ng3 0-0-0 17. 0-0-0 Nd5 18. Bxd5 Qxd5 19. Qxd5 Rxd5 20. Rhe1 Rhd8 21. Re5 c5 22. Rxd5 Rxd5 23. dxc5 Rxc5 24. f4 f6 25. Rd2 Kc7 26. Kd1 Kc6 27. Ke2 Rd5 28. Nf1 Bb1 29. Rxd5 Kxd5 30. a3 Ba2 31. Ke3 Bb3 32. Nd2 Bc2 33. c4+ Kd6 34. b4 b6 35. Ne4+ Kc6 36. Kd4 a6 37. g3 h6 38. Nf2 a5 39. Ng4 Bd1 40. Ne3 Be2 41. Nc2 g5 42. Kc3 e5 43. fxe5 fxe5 44. Ne3 axb4+ 45. axb4 h5 46. Kd2 Bf3 47. Kc3 Be2 48. Nf5 Kd7 49. h4 Ke6 50. Ne3 gxh4 51. gxh4 Kd6 52. Kd2 Bf3 53. Nc2 Be4 54. Ne1 Bb7 55. Nc2 Be4 56. Na3 Bc6 57. Ke3 Ba4 58. Nb1 Bc2 59. Nd2 Ke6 60. Ne4 Bb1 61. c5 bxc5 62. bxc5 Bc2 63. c6 Bxe4 1/2-1/2